000 00474nam a2200181Ia 4500
005 20260429112314.0
008 260429s9999||||xx |||||||||||||| ||und||
020 _a9789395546065
041 _aEnglish
082 _a543
_bDEE
100 _aDeepshikha
245 0 _aAnalytical chemistry /
_cDeepshikha
260 _aNew Delhi :
_bAcademic University Press,
_c2023.
300 _axii, 302 p.; hb
650 _a Analytical chemistry
650 _aChemistry
942 _cTB
999 _c53397
_d53397